| 000 | 00457nam a22001817a 4500 | ||
|---|---|---|---|
| 003 | CEME | ||
| 005 | 20210628202846.0 | ||
| 008 | 210118b xxu||||| |||| 00| 0 eng d | ||
| 020 | _a81-7992-036-4 | ||
| 040 | _c. | ||
| 082 | _a621.84 KNO | ||
| 100 |
_aJaico _920122 |
||
| 245 | _aKnowing more about valves | ||
| 260 |
_aNEW DELHI _bJAICO BOOKS _c2003 |
||
| 300 | _a197 P | ||
| 650 |
_aVALVES.VALVES-BASIC HYDRAULIC PRINCIPLES _961997 |
||
| 942 |
_cBK _2ddc |
||
| 999 |
_c571249 _d571249 |
||